La Diputació de Barcelona i l'esport : 1983-1986 / Diputació de Barcelona. Servei d'Esports 1983-1986 / Diputació de Barcelona. Servei d'Esports
Descripción Física:
[20] p. : il., col. ; 30 cm
MARC
| LEADER | 00000nam a2200000Ia 4500 | ||
|---|---|---|---|
| 001 | 8177 | ||
| 008 | 160829s1986?] xx 000 0 cat d | ||
| 080 | |a FU-19-7 | ||
| 110 | 1 | |a Barcelona (Catalunya : Província). |b Servei d'Esports |9 53772 | |
| 245 | |a La Diputació de Barcelona i l'esport : |b 1983-1986 / Diputació de Barcelona. Servei d'Esports | ||
| 260 | |a Barcelona : |b [el Servei, |c 1986?] | ||
| 300 | |a [20] p. : |b il., col. ; |c 30 cm | ||
| 590 | |a A la coberta: 'T'oferim la forma de posar-te en forma'. A la contracoberta: 'Colze a colze amb els Ajuntaments'. | ||
| 590 | |a Conté en annex: Les subvencions per a obres en instal·lacions esportives municipi a municipi : 1983-1986. | ||
| 590 | |a Hi ha un duplicat amb R. 9146 a: DUP-21-66 | ||
| 650 | |a Barcelona. Diputació. Servei d'Esports |x Memòries |9 30586 | ||
| 650 | |a Instal·lacions esportives |x Barcelona (Província) |x Subvencions |9 30587 | ||
| 901 | |a Arxiu | ||
| 942 | |n 1 | ||
| 952 | |0 0 |1 0 |4 0 |6 FU197 |7 1 |9 45451 |a Arxiu |b Arxiu |d 2016-12-01 |l 0 |o FU-19-7 |p 8177 |r 2016-12-01 00:00:00 |w 2016-12-01 |y ARXIU | ||
| 999 | |c 48616 |d 48616 | ||